000 01191nam a2200337 a 4500
001 37567
003 BD-RjUL
005 20211209052625.0
008 150126s1982 nyua b 001 0 eng
020 _a0471085472 :
035 _a(BD-RjUL)
040 _aDLC
_cDLC
_dDLC
_beng
041 _aeng
082 0 0 _a632.7
_219
_bINT 1982
245 0 0 _aIntroduction to insect pest management /
_cedited by Robert L. Metcalf, William H. Luckmann.
250 _a2nd ed.
260 _aNew York :
_bWiley,
_cc1982.
300 _axiv, 577 p. :
_bill. ;
_c24 cm.
500 _a"A Wiley-Interscience publication."
504 _aIncludes bibliographies and index.
650 0 _aInsect pests
_xControl.
_9115023
700 1 _aMetcalf, Robert Lee,
_d1916-
_9115377
700 1 _aLuckmann, William Henry,
_d1926-
_9115378
740 0 _aInsect pest management.
856 4 2 _3Publisher description
_uhttp://www.loc.gov/catdir/enhancements/fy0608/82004794-d.html
856 4 1 _3Table of contents only
_uhttp://www.loc.gov/catdir/enhancements/fy0608/82004794-t.html
942 _2ddc
_cBK
999 _c37567
_d37567